LEADER 00956nam a2200217 i 4500 001 000000223543 003 CaOOAMICUS 005 20131015000000.0 008 131015s1791 it u000 u fre u 013 $a202440 026 $a5.re x!e! e.s. BEPE (3) 1791 (A) 040 $aSeMil$bita 245 10$aTome 10. 300 $a[6], 317, [1] p. 500 $aContiene : Le temple de la gloire, Le abron d'Otranto, Pandore, Les deux tonneaux, Tanis et Zelide, ou les rois pasteurs, Jules Cesar, L'Heraclius espagnol, ou la comedie fameuse, dans cette vie tout set verite, et tout mensonge. 773 0 $aVoltaire <1694-1778>$tOeuvres completes de m. de Voltaire. Tome 1. [-100.].$dA Lyon : Chez J. B. Delamollière, 1791-1792.$g10$w()28886 850 $aSeMil 852 $aSeMil$W1$xVenegono$y1$m2Q I 90 FA$j173889$B173889$CSeMilBibl$Z2$F184161 $8I 941 1 $a10 961 $aRecupero: Mantegazza 996 $6245$aTome 10$9(OLS)http://semarc/title/181882 LEADER 00473nab a2200145 i 4500 001 000000309717 003 CaOOAMICUS 005 20180831172959.0 008 180831n xx uu u0 0und r 013 $a18809 040 $aSeMil$bita 100 1 $aRuffoni, Achille Giuseppe.$0(OLS)http://semarc/name/22822 245 13$aIl Sillabo e la Regola di Fede. 773 0 $t[Gennaio-Giugno].$g74-87,172-178,2$w()273958 996 $6245$aIl Sillabo e la Regola di Fede$9(OLS)http://semarc/title/384661